| 000 | 00434nam a2200181Ia 4500 | ||
|---|---|---|---|
| 001 | 18040 | ||
| 005 | 20260306171601.0 | ||
| 008 | 260306s9999||||xx |||||||||||||| ||und|| | ||
| 041 | _aESP | ||
| 082 |
_a658.4 _bA18 |
||
| 100 |
_aAceituno Aceituno, Pedro _eAUT |
||
| 245 | 0 | _aCreación y gestión de empresas | |
| 260 | _c2019 | ||
| 300 |
_a332 páginas : _c24 cm. |
||
| 650 | _aGEN | ||
| 654 | _aCAN | ||
| 942 |
_cLIB _dJUS _fJUS _2ddc _n |
||
| 999 |
_c18040 _d18040 |
||